[Event "AUTO-ELITE-1820"]
[Site "http://www.queenalice.com/game.php?id=1474004"]
[Date "2017.4.18"]
[Round "1"]
[White "Tune"]
[Black "FabioDavid"]
[Result "0-1"]
[WhiteElo "2317"]
[BlackElo "2518"]

1. e4 e5 2. Nf3 Nc6 3. Bb5 a6 4. Ba4 d6 5. c3 Bd7 6. d4 Nf6 7. Qe2 b5 8. Bb3 Be7
9. O-O O-O 10. Rd1 Re8 11. h3 h6 12. a4 Bf8 13. d5 Ne7 14. Qc2 c6 15. dxc6 Nxc6
16. axb5 axb5 17. Rxa8 Qxa8 18. Na3 Na5 19. Ba2 Qxe4 20. Qxe4 Nxe4 21. Kf1 Nf6
22. Kg1 Rb8 23. b4 Nc6 24. Nh4 Be6 25. Bxe6 fxe6 26. Ng6 d5 27. Nxf8 Kxf8 28.
Be3 Ne4 29. Rd3 Ke8 30. Bc5 Nxc5 31. bxc5 b4 32. cxb4 Rxb4 33. Re3 Kd7 34. Kf1
Rb2 35. Kg1 e4 36. Re1 Nd4 37. Rb1 Rxb1+ 38. Nxb1 Kc6 39. Kf1 Kxc5 40. Ke1 Nb3
41. Na3 d4 42. Nb1 g5 43. g3 Nc1 44. Kd2 Nd3 45. Ke2 Ne5 46. Nd2 Kd5 47. Nb3 h5
48. Kd1 h4 49. g4 Nd3 50. Ke2 Nf4+ 51. Kd2 Nxh3 52. Ke1 Nf4 53. Nd2 Nd3+ 54. Ke2
Ne5 55. Kd1 h3 56. f3 Nxf3 57. Nf1 h2 58. Ng3 d3 59. Kc1 e3 60. Kb2 e2 0-1

[Event "AUTO-ELITE-1820"]
[Site "http://www.queenalice.com/game.php?id=1474005"]
[Date "2017.4.18"]
[Round "1"]
[White "FabioDavid"]
[Black "Tune"]
[Result "1-0"]
[WhiteElo "2523"]
[BlackElo "2333"]

1. b3 g6 2. Bb2 Nf6 3. e3 Bg7 4. Nf3 O-O 5. d4 d6 6. Be2 Nbd7 7. O-O b6 8. c4
Bb7 9. Nc3 e6 10. Qc2 Qe7 11. Rfd1 Rfd8 12. d5 a5 13. a3 Re8 14. h3 a4 15. b4
exd5 16. cxd5 Ne5 17. Nxe5 dxe5 18. Bb5 Rf8 19. Bxa4 Rfc8 20. Bc6 Bxc6 21. dxc6
Re8 22. Rd2 Red8 23. Rxd8+ Rxd8 24. Rd1 Rxd1+ 25. Qxd1 Bf8 26. Nb5 Bg7 27. a4
Ne4 28. Qd7 Qh4 29. Qe8+ Bf8 30. Qxe5 Qxf2+ 31. Kh2 f6 32. Qxe4 Qxb2 33. Qe6+
Kh8 34. Nxc7 Qe5+ 35. Qxe5 fxe5 36. Ne8 Bxb4 37. c7 Bd2 38. c8=Q Bxe3 39. Nd6+
Kg7 40. Qd7+ Kh6 41. Nf7+ Kg7 42. Nxe5+ 1-0

[Event "AUTO-ELITE-1820"]
[Site "http://www.queenalice.com/game.php?id=1474006"]
[Date "2017.4.18"]
[Round "1"]
[White "Tune"]
[Black "pickles"]
[Result "0-1"]
[WhiteElo "2327"]
[BlackElo "2566"]

1. e4 e5 2. Nf3 Nc6 3. Bb5 a6 4. Ba4 Nf6 5. O-O Nxe4 6. d4 b5 7. Bb3 d5 8. dxe5
Be6 9. Nbd2 Nc5 10. c3 Bg4 11. Bc2 Be7 12. Re1 O-O 13. Nb3 Ne6 14. Qd3 g6 15.
Bh6 Re8 16. Qe3 a5 17. Nfd4 Nexd4 18. Nxd4 Nxd4 19. Qxd4 Be6 20. Re3 c5 21. Qf4
d4 22. Rg3 Ra7 23. a4 b4 24. Rd3 b3 25. Bd1 Bf5 26. Rg3 Bd6 27. cxd4 cxd4 28.
Rxb3 Rae7 29. g4 Bxe5 30. Qd2 Be6 31. Rh3 Qd7 32. Qg5 f6 33. Qd2 Bxg4 34. Rd3
Bd6 35. Bb3+ Kh8 36. Bc4 Re2 37. Qc1 Qc6 38. Qf1 Qxc4 39. Rad1 Qe6 40. b4 Qe5
41. Qg2 Re1+ 42. Rxe1 Qxe1+ 43. Qf1 Qxf1+ 44. Kxf1 Be2+ 45. Kg2 Bxd3 46. bxa5
Bb4 47. Bf4 Bxa5 48. Kf3 Bc2 49. h3 Bxa4 50. Kg3 d3 51. f3 d2 0-1

[Event "AUTO-ELITE-1820"]
[Site "http://www.queenalice.com/game.php?id=1474007"]
[Date "2017.4.18"]
[Round "1"]
[White "pickles"]
[Black "Tune"]
[Result "1-0"]
[WhiteElo "2567"]
[BlackElo "2322"]

1. e4 c5 2. Nf3 d6 3. d4 cxd4 4. Nxd4 Nf6 5. Nc3 a6 6. Be2 e5 7. Nb3 Be7 8. O-O
Be6 9. f4 Qc7 10. f5 Bc4 11. Bg5 Nbd7 12. a4 h6 13. Be3 O-O 14. Bxc4 Qxc4 15.
Qd3 Qxd3 16. cxd3 Nc5 17. Bxc5 dxc5 18. Kf2 Rfd8 19. Ke2 Rac8 20. Na5 Rd4 21.
Nc4 Re8 22. Ra3 Bd6 23. Rc1 Rc8 24. Rb3 Rb8 25. a5 Bc7 26. Na4 Nd7 27. Ncb6 Nxb6
28. Nxb6 Bd6 29. Rc4 Rxc4 30. dxc4 Rd8 31. Na4 Bf8 32. Rxb7 Rd4 33. Nc3 Rxc4 34.
Rb6 Be7 35. Rxa6 Rb4 36. Ra8+ Kh7 37. a6 Rxb2+ 38. Kd1 Rb3 39. Kc2 Ra3 40. a7
Ra5 41. Nb5 Rxb5 42. Re8 Ra5 43. Rxe7 h5 44. Rxf7 Ra2+ 45. Kc3 h4 46. Kc4 Kh6
47. Kxc5 Rc2+ 48. Kb6 Rb2+ 49. Kc7 Ra2 50. Kb8 Kh7 51. a8=Q Rxa8+ 52. Kxa8 Kg8
53. Re7 Kh7 54. Rxe5 Kg8 55. g4 1-0

[Event "AUTO-ELITE-1896"]
[Site "http://www.queenalice.com/game.php?id=1501881"]
[Date "2017.11.3"]
[Round "1"]
[White "Sexxy_Bunny"]
[Black "Tune"]
[Result "1-0"]
[WhiteElo "2698"]
[BlackElo "2338"]

1. e4 c5 2. Nf3 d6 3. d4 cxd4 4. Nxd4 Nf6 5. Nc3 a6 6. Bg5 e6 7. f4 Qc7 8. Bxf6
gxf6 9. Qd2 Nc6 10. O-O-O Bd7 11. Kb1 Nxd4 12. Qxd4 Be7 13. Be2 h5 14. Rhf1 b5
15. Bf3 Rc8 16. f5 Qc5 17. Qd2 h4 18. fxe6 fxe6 19. Ne2 Qg5 20. Qd3 Kf8 21. Nd4
Rg8 22. h3 Qe5 23. Qd2 Rh8 24. Bg4 Ke8 25. Rfe1 Kf8 26. Nf3 Qc5 27. a3 Kg8 28.
Re3 Kg7 29. Nd4 Kf7 30. Rf1 Rc7 31. Rd3 Qb6 32. g3 Rc5 33. gxh4 Rh7 34. Qg2 Rg7
35. Rg3 Bf8 36. h5 Rcg5 37. Qf2 Qd8 38. Bxe6+ Ke8 39. Rc3 Rc5 40. Bxd7+ Kxd7 41.
Rxc5 dxc5 42. Qf5+ Ke8 43. Nc6 Qd7 44. Qxf6 Qd6 45. Qf5 Rc7 46. e5 Qh6 47. e6
Bg7 48. e7 Qf6 49. Qxf6 Bxf6 50. Rxf6 Rxc6 51. Rxc6 Kxe7 52. Rg6 a5 53. h6 Kf7
54. Rg4 1-0

[Event "AUTO-ELITE-1896"]
[Site "http://www.queenalice.com/game.php?id=1501882"]
[Date "2017.11.3"]
[Round "1"]
[White "Tune"]
[Black "Sexxy_Bunny"]
[Result "0-1"]
[WhiteElo "2339"]
[BlackElo "2705"]

1. d4 Nf6 2. Bf4 g6 3. e3 Bg7 4. Nf3 O-O 5. h3 d6 6. c4 c5 7. Nc3 cxd4 8. exd4
d5 9. c5 b6 10. b4 Ne4 11. Qb3 bxc5 12. Qxd5 Nxc3 13. Qxa8 e5 14. dxe5 Qb6 15.
bxc5 Qb2 16. Rc1 Nxa2 17. Rc4 Qb1+ 18. Ke2 Ba6 19. Nd2 Qb2 20. Ke3 Rd8 21. Bd3
Nb4 22. Be4 Bxe5 23. Bxe5 Qxd2+ 24. Kf3 Nd3 25. Kg3 Qg5+ 26. Kh2 Qxe5+ 27. g3
Bxc4 28. Bxd3 Bd5 29. Qxa7 Bxh1 30. Kxh1 Rxd3 31. Qa8 Rb3 32. Kg2 Qxc5 33. Qa1
Qd5+ 34. Kg1 Qe4 35. Qd1 Rb1 36. Qxb1 Qxb1+ 0-1

[Event "AUTO-ELITE-1896"]
[Site "http://www.queenalice.com/game.php?id=1501885"]
[Date "2017.11.3"]
[Round "1"]
[White "trompmaster"]
[Black "Tune"]
[Result "0-1"]
[WhiteElo "2369"]
[BlackElo "2311"]

1. h3 e5 2. d3 d5 3. Nd2 Be6 4. c3 Nc6 5. g4 h5 6. gxh5 Rxh5 7. Bg2 Nge7 8. Nf1
Ng6 9. Ng3 Rh8 10. a4 Nh4 11. Bf1 Qf6 12. a5 a6 13. Bd2 O-O-O 14. b4 d4 15. Ne4
Qg6 16. Bg5 dxc3 17. b5 Bb4 18. Qc1 c2+ 19. Bd2 Bd5 20. bxc6 Bxe4 21. cxb7+ Bxb7
22. Bxb4 Bxh1 23. Be7 Qxg1 24. Qxc2 Rd7 25. Bc5 Bg2 26. Kd2 Nf3+ 27. exf3 Bxf1
28. Ra3 Rhd8 29. Bb6 Bxd3 30. Qc5 Qb1 31. Qc3 Bc4+ 0-1

[Event "AUTO-ELITE-1896"]
[Site "http://www.queenalice.com/game.php?id=1501886"]
[Date "2017.11.3"]
[Round "1"]
[White "Tune"]
[Black "trompmaster"]
[Result "1-0"]
[WhiteElo "2325"]
[BlackElo "2380"]

1. e4 d6 2. d4 Nd7 3. Nf3 h6 4. Bd3 g5 5. Be3 Bg7 6. Nc3 c6 7. O-O Qc7 8. Qe2
Nf8 9. Rab1 Ng6 10. Kh1 g4 11. Nd2 h5 12. f4 gxf3 13. Nxf3 Nf6 14. a4 h4 15. Bc4
Bg4 16. h3 Nh5 17. Bxf7+ Kd8 18. Bf2 Ngf4 19. Qe3 Nxh3 20. gxh3 Ng3+ 21. Kg1
Nxf1 22. Qg5 Bxf3 23. Qxg7 Qd7 24. Qxh8+ Kc7 25. Qxh4 Nd2 26. Re1 e5 27. Ba2
exd4 28. Bxd4 Bxe4 29. Qg3 Nf3+ 30. Kh1 Nxd4+ 31. Nxe4 Rh8 32. Ng5 Nf5 33. Qc3
Rh5 34. Be6 Qd8 35. Qa5+ 1-0

[Event "AUTO-ELITE-1992"]
[Site "http://www.queenalice.com/game.php?id=1530862"]
[Date "2018.6.12"]
[Round "1"]
[White "Tune"]
[Black "gacer"]
[Result "1-0"]
[WhiteElo "2324"]
[BlackElo "2307"]

1. e4 e5 2. Nf3 Nc6 3. Nc3 Nf6 4. Bb5 Bd6 5. d3 O-O 6. Bd2 Nd4 7. O-O c6 8. Bc4
b5 9. Bb3 a5 10. a3 Nxb3 11. cxb3 Bc7 12. Bg5 h6 13. Bxf6 Qxf6 14. Qc2 Bb6 15.
a4 b4 16. Nd1 d5 17. Ne3 Rd8 18. Rfd1 h5 19. Qe2 Bg4 20. Rac1 Rd7 21. Nxg4 hxg4
22. Nd2 Bd4 23. Nf1 dxe4 24. dxe4 Rad8 25. Re1 Rd6 26. Rc2 Qe6 27. Nd2 Qh6 28.
Nf1 Qe6 29. Nd2 Qh6 30. Nc4 Rg6 31. Nxa5 Ra8 32. Nc4 g3 33. hxg3 Rxg3 34. Ne3
Bxe3 35. fxe3 Rg5 36. Qf3 Rd8 37. Rd1 Rxd1+ 38. Qxd1 Rg6 39. Qc1 Qh4 40. Rxc6
Rxc6 41. Qxc6 Qe1+ 42. Kh2 Qh4+ 43. Kg1 Qe1+ 44. Kh2 Qh4+ 45. Kg1 g5 46. Qe8+
Kg7 47. Qxe5+ f6 48. Qe7+ Kg6 49. Qxb4 Qg4 50. a5 Qd1+ 51. Kf2 Qc2+ 52. Kf3 Qxb2
53. e5 Qa1 54. Qe4+ f5 55. Qc6+ Kh5 56. Qe8+ Kh6 57. Kf2 Qa2+ 58. Kg3 f4+ 59.
Kg4 Qxg2+ 60. Kf5 Kg7 61. Qe7+ Kh6 62. Qf7 Qc6 63. e4 f3 64. Qg8 Qd7+ 65. Kf6 f2
66. Qg6# 1-0

[Event "AUTO-ELITE-1992"]
[Site "http://www.queenalice.com/game.php?id=1530863"]
[Date "2018.6.12"]
[Round "1"]
[White "gacer"]
[Black "Tune"]
[Result "1-0"]
[WhiteElo "2294"]
[BlackElo "2337"]

1. e4 e5 2. Nf3 Nc6 3. Bc4 Nf6 4. d3 Be7 5. O-O O-O 6. Re1 d6 7. a4 h6 8. c3 Nh7
9. a5 Be6 10. Nbd2 Qd7 11. a6 Rab8 12. axb7 Rxb7 13. Qa4 Bxc4 14. Nxc4 Rd8 15.
b4 Ng5 16. Bxg5 Bxg5 17. Nxg5 hxg5 18. Re3 Ne7 19. Qd1 f6 20. Qh5 d5 21. Na3 d4
22. cxd4 Qxd4 23. Nc2 Qb2 24. Qd1 Ng6 25. g3 c5 26. bxc5 Qb5 27. d4 exd4 28. Rd3
Ne5 29. Rxd4 Rxd4 30. Nxd4 Qxc5 31. Nf5 Rd7 32. Qb3+ Kh7 33. Ne3 g4 34. Nd5 f5
35. Qa4 Qc6 36. Kg2 Qh6 37. Nf4 Qb6 38. Nd5 Qe6 39. Ne3 g6 40. exf5 gxf5 41. Qb5
Rf7 42. Ra6 Qc8 43. Rd6 Re7 44. Qd5 Qb7 45. Nxf5 Qxd5+ 46. Rxd5 Re6 47. Nd4 Re7
48. h4 gxh3+ 49. Kxh3 Nc4 50. g4 Re4 51. Kg3 a6 52. Nf5 Re8 53. g5 Ne5 54. Rd6
Rf8 55. Nd4 Rc8 56. Rxa6 Rd8 57. Ne6 Rb8 58. f4 Nf7 59. Kg4 Kg8 60. g6 Nh6+ 61.
Kg5 1-0

[Event "AUTO-ELITE-2118"]
[Site "http://www.queenalice.com/game.php?id=1571146"]
[Date "2019.5.16"]
[Round "1"]
[White "gega"]
[Black "Tune"]
[Result "1-0"]
[WhiteElo "2267"]
[BlackElo "2292"]

1. e3 e5 2. c4 Nf6 3. Nc3 Nc6 4. Nf3 Bb4 5. Qc2 Bxc3 6. Qxc3 d6 7. d3 O-O 8. e4
Bg4 9. Be2 a5 10. Be3 Re8 11. O-O Nh5 12. h3 Nf4 13. Bxf4 Bxf3 14. Bxf3 exf4 15.
Rfe1 Qg5 16. d4 a4 17. Rad1 1-0

[Event "AUTO-ELITE-2118"]
[Site "http://www.queenalice.com/game.php?id=1571147"]
[Date "2019.5.16"]
[Round "1"]
[White "Tune"]
[Black "gega"]
[Result "0-1"]
[WhiteElo "2279"]
[BlackElo "2280"]

1. e4 e6 2. b3 d5 3. exd5 exd5 4. Bb5+ c6 5. Bd3 Bd6 6. Nf3 Nf6 7. Qe2+ Qe7 8.
O-O Be6 9. Nd4 Nbd7 10. Re1 O-O 11. Nf5 Bxf5 12. Qxe7 Bxe7 13. Bxf5 Rfe8 14. Bb2
g6 15. Bh3 Bb4 16. Rxe8+ Rxe8 0-1

[Event "AUTO-ELITE-2118"]
[Site "http://www.queenalice.com/game.php?id=1571154"]
[Date "2019.5.16"]
[Round "1"]
[White "Tune"]
[Black "neza"]
[Result "0-1"]
[WhiteElo "2312"]
[BlackElo "2365"]

1. a3 Nf6 2. Nc3 e5 3. e4 Bc5 4. Nf3 Nc6 5. Bb5 Nd4 6. Nxd4 Bxd4 7. O-O O-O 8.
Ne2 Bb6 9. d3 c6 10. Ba4 d5 11. exd5 Nxd5 12. c4 Nf6 13. Ng3 Be6 14. Qc2 Bd4 15.
Ne2 Bc5 16. Nc3 Bf5 17. Ne4 Nxe4 0-1

[Event "AUTO-ELITE-2118"]
[Site "http://www.queenalice.com/game.php?id=1571155"]
[Date "2019.5.16"]
[Round "1"]
[White "neza"]
[Black "Tune"]
[Result "1-0"]
[WhiteElo "2375"]
[BlackElo "2302"]

1. d4 d6 2. e3 Nc6 3. Nc3 Nf6 4. Nf3 h5 5. e4 d5 6. Bd3 dxe4 7. Nxe4 Bg4 8. Be3
Nb4 9. Nxf6+ exf6 10. Bc4 Bxf3 11. gxf3 Qd7 12. Qe2 O-O-O 13. O-O-O Nd5 14. Kb1
Kb8 15. Rhg1 h4 16. Qd3 g6 17. Qb3 c6 18. Rg4 1-0

[Event "AUTO-ELITE-2168"]
[Site "http://www.queenalice.com/game.php?id=1588371"]
[Date "2019.10.30"]
[Round "1"]
[White "Tune"]
[Black "prego"]
[Result "0-1"]
[WhiteElo "2265"]
[BlackElo "2557"]

1. e4 Nf6 2. d3 e5 3. Nf3 Nc6 4. c3 d6 5. Qe2 d5 6. exd5 h6 7. Nbd2 Qxd5 8. Nh4
Bf5 9. d4 Bh7 10. Qc4 O-O-O 11. Qxd5 exd4 12. Kd1 Nxd5 13. Bc4 dxc3 14. bxc3 Re8
15. a4 Nxc3# 0-1

[Event "AUTO-ELITE-2242"]
[Site "http://www.queenalice.com/game.php?id=1616454"]
[Date "2020.6.13"]
[Round "1"]
[White "Tune"]
[Black "ezat"]
[Result "0-1"]
[WhiteElo "2254"]
[BlackElo "2245"]

1. d4 f5 2. Nf3 Nf6 3. Bg5 e6 4. e3 Bb4+ 5. Nbd2 Nc6 6. Bd3 Be7 7. O-O O-O 8. c4
h6 9. Bh4 d6 10. Qb1 a5 11. h3 a4 12. a3 Kh8 13. Qc2 Bd7 14. Bg3 Nh5 15. Bh4
Bxh4 16. g4 Nf4 17. exf4 fxg4 18. hxg4 Rxf4 19. Be4 Bf6 20. g5 Nxd4 21. Qd3
Nxf3+ 22. Nxf3 Bxg5 23. Rfe1 Qf6 24. Re2 Rf8 25. Nh2 d5 26. Bg2 Rxc4 27. Qh3 Rf4
28. Qd3 e5 29. Kh1 Rd4 30. Qc3 Bb5 31. Re3 Rh4 32. Rh3 Rxh3 33. Qxh3 e4 34. Qc3
Qxc3 35. bxc3 Rxf2 36. Bf1 Bd7 37. Re1 Rc2 38. c4 d4 39. Kg1 Be3+ 40. Kh1 Bf4
41. Bg2 e3 42. Nf1 e2 43. Be4 d3 44. Kg1 Rc1 45. Rxc1 Bxc1 46. Kf2 exf1=Q+ 47.
Kxf1 d2 48. Bc2 Bxa3 49. Ke2 Bb4 50. c5 a3 51. Kd3 Bf5+ 52. Ke3 Bxc2 53. Kf2
d1=Q 54. c6 Be1+ 55. Kg1 Qg4+ 56. Kf1 Bd3+ 57. Kxe1 Qe2# 0-1

[Event "AUTO-ELITE-2242"]
[Site "http://www.queenalice.com/game.php?id=1616455"]
[Date "2020.6.13"]
[Round "1"]
[White "ezat"]
[Black "Tune"]
[Result "1-0"]
[WhiteElo "2232"]
[BlackElo "2277"]

1. e4 c5 2. Nf3 d6 3. d4 cxd4 4. Qxd4 Nc6 5. Bb5 Qd7 6. Qa4 a6 7. O-O Rb8 8. Bd3
Nf6 9. Bg5 h6 10. Bxf6 gxf6 11. Nc3 Rg8 12. g3 Ne5 13. Nxe5 Qxa4 14. Nxa4 fxe5
15. Nb6 Bh3 16. Rfe1 e6 17. Bf1 Bxf1 18. Kxf1 Kd8 19. a4 Kc7 20. a5 Rg5 21. Ra3
f5 22. Rc3+ Kd8 23. Rce3 fxe4 24. Rxe4 Bg7 25. Kg2 d5 26. R4e2 Rf5 27. c4 d4 28.
Na4 Kc8 29. Nc5 Bf6 30. Nxe6 Kd7 31. Nc5+ Kc6 32. b4 Rg8 33. Re4 Kc7 34. Nd3 Kd6
35. f4 exf4 36. Nxf4 Kc6 37. h3 d3 38. Nxd3 Bg5 39. g4 Bh4 40. Re8 Rxe8 41. Rxe8
Rf6 42. Rc8+ Kd7 43. Rh8 Kc7 44. b5 axb5 45. cxb5 Rd6 46. Nc5 b6 47. Rh7+ Kc8
48. a6 Rd2+ 49. Kf3 bxc5 50. a7 c4 51. a8=Q# 1-0